Control systems engineering and design / (Record no. 184865)

000 -LEADER
fixed length control field 00832 a2200193 4500
003 - CONTROL NUMBER IDENTIFIER
control field Nust
005 - DATE AND TIME OF LATEST TRANSACTION
control field 20230328122648.0
040 ## - CATALOGING SOURCE
Transcribing agency Nust
082 ## - DEWEY DECIMAL CLASSIFICATION NUMBER
Classification number 629.8,THO
100 ## - MAIN ENTRY--PERSONAL NAME
Personal name S. Thompson
9 (RLIN) 111511
245 ## - TITLE STATEMENT
Title Control systems engineering and design /
Statement of responsibility, etc. S. Thompson
250 ## - EDITION STATEMENT
Edition statement 1st ed
260 ## - PUBLICATION, DISTRIBUTION, ETC.
Place of publication, distribution, etc. English Language Book society
Name of publisher, distributor, etc. Longman
Date of publication, distribution, etc. 1989
300 ## - PHYSICAL DESCRIPTION
Extent xii, 364 p
Other physical details illus
Dimensions 24 cm
505 ## - FORMATTED CONTENTS NOTE
Formatted contents note Control System Design and Modelling (Page-1), Differential Equations and Laplace Transforms (Page-32), Block Diagrams (Page-55), Design Concepts in the Plane (Page-74), Stability (Page-111), Root Loci (Page-132), Identification (Page-236), Case Studies (Page-248), Design and Identification Programs (Page-272).
600 ## - SUBJECT ADDED ENTRY--PERSONAL NAME
Personal name S. Thompson
9 (RLIN) 111511
650 ## - SUBJECT ADDED ENTRY--TOPICAL TERM
Topical term or geographic name entry element Control systems engineering and design
9 (RLIN) 111512
942 ## - ADDED ENTRY ELEMENTS (KOHA)
Source of classification or shelving scheme
Koha item type Book
Holdings
Withdrawn status Lost status Source of classification or shelving scheme Damaged status Not for loan Permanent Location Current Location Shelving location Date acquired Full call number Barcode Date last seen Price effective from Koha item type Public note
          Military College of Signals (MCS) Military College of Signals (MCS) General Stacks 12/12/2016 629.8,THO MCS20875 12/08/2016 12/12/2016 Book Almirah No.74, Shelf No.7
© 2023 Central Library, National University of Sciences and Technology. All Rights Reserved.